Keris lama

Bibliographic Details
Main Author: Suziana Che Wil
Format: Book
Published: Selangor : Penerbitan Ilmu Setia , 2005
Series:Siri permata hati
Subjects:

MARC

LEADER 00000cam a2200000 7i4500
001 0000001258
005 20151222.0
008 070703
020 |a 983329409X(set) 
020 |a 9833294154 
090 0 0 |a JF   |b MAL 
100 1 |a Suziana Che Wil 
245 1 0 |a Keris lama   |c Suziana Che Wil 
260 |a Selangor :   |b Penerbitan Ilmu Setia ,   |c 2005 
440 |a Siri permata hati 
500 |a Children ages 10-12 years old (pink) 
650 0 |a Judul 
650 0 |a Malay fiction 
650 0 |a Siri 
999 |a 0000957654   |b Book   |c Children Collection   |e Cawangan Segamat 
999 |a 0000957655   |b Book   |c Children Collection   |e Cawangan Kota Tinggi 
999 |a 0000957656   |b Book   |c Children Collection   |e Cawangan Batu Pahat